| 000 | 01680aam a2200349 i 4500 | ||
|---|---|---|---|
| 999 |
_c46277 _d46277 |
||
| 001 | 768714001 | ||
| 003 | CO-MdFUSB | ||
| 005 | 20201029115821.0 | ||
| 007 | ta | ||
| 008 | 200519t1985 enka|||| |||| 00| 0 eng d | ||
| 020 | _a0197100341 | ||
| 040 |
_bspa. _aCO-MdFUSB _cCO-MdFUSB _dCO-MdFUSBC _erda |
||
| 041 | _aeng | ||
| 082 |
_223 _a296.833 _bW431 |
||
| 100 | 1 |
_aWeiss, Joseph _eautor |
|
| 245 | 1 | 0 |
_aStudies in eastern European Jewish mysticism _c/ Joseph Weiss ; editado por David Goldstein |
| 264 | 1 |
_aOxford, Inglaterra : _bOxford University Press, _c[1985] |
|
| 264 | 4 | _c© 1985 | |
| 300 |
_a272 páginas _c; 23 cm |
||
| 336 |
_atexto _btxt _2rdacontent |
||
| 337 |
_2rdamedia _asin mediación _bn |
||
| 338 |
_2rdacarrier _avolumen _bnc |
||
| 490 | _aLittman library of Jewish civilization (Series) | ||
| 505 | _aEl origen social del jasidismo temprano - La mística y la fe contemplativa en la piedad jasídico - Estudio de la Torá en el jasidismo temprano - El Kavvanoth de la oración en el jasidismo temprano - La oración de petición en el jasidismo temprano - La contemplación como la soledad - El concepto de R. Abraham Kaliser de la comunión con Dios y los hombres - La autoría y la unidad literaria de la Darkhei Yesharim - El Saddik: La alteración de la voluntad divina - La manera jasídica de Jabad - Éxtasis en el jasidismo Harad - Una utopía judía tardía de la libertad religiosa - El caso extraño de Najman de Braslav | ||
| 563 | _aPasta dura | ||
| 651 | 7 |
_aPalestina _xHistoria _ySiglo I |
|
| 653 | _aMisticismo | ||
| 700 |
_93808 _aGoldstein, David. _etraductor |
||
| 942 | _cBK | ||
| 945 | _aJTF-925 | ||